Welcome to the Holygrace Academy Library

Please use search bar below to get started

TINY GENUUSES (Record no. 5648)

MARC details
000 -LEADER
fixed length control field 00318nam a22001457a 4500
020 ## - INTERNATIONAL STANDARD BOOK NUMBER
ISBN 978-352-75730-5
082 ## - DEWEY DECIMAL CLASSIFICATION NUMBER
Classification number 823
Item number BRY/T
100 ## - MAIN ENTRY--AUTHOR NAME
Personal name BRYANT, MEGAN.E
245 ## - TITLE STATEMENT
Title TINY GENUUSES
260 ## - PUBLICATION, DISTRIBUTION, ETC. (IMPRINT)
Place of publication LONDON
Name of publisher SCHOLASTIC INC
Year of publication 2018
300 ## - PHYSICAL DESCRIPTION
Number of Pages 119
520 ## - SUMMARY, ETC.
Summary, etc ENGLISH NOVEL
650 ## - SUBJECT ADDED ENTRY--TOPICAL TERM
Topical Term ENGLISH NOVEL
942 ## - ADDED ENTRY ELEMENTS (KOHA)
Koha item type Books
Holdings
Withdrawn status Lost status Collection code Home library Current library Shelving location Date acquired Source of acquisition Cost, normal purchase price Full call number Accession Number Koha item type
    Fiction Main Library Main Library SHELF 15-I-CHILDREN'S STORYBOOKS 29/11/2019 Purchase 250.00 823 BRY/T 12139 Books